000 00411nam a2200169 a 4500
001 0000-8611
003 ELIB.Books
008 110520 1944
035 _a(ELIB.Books)0000-8757
082 _a231
_bWea
100 _aWeatherhead, Leslie D.
245 _aThe Will of God
260 _bNashville: Abingdon Press
_c1944
650 _aGod
942 _2ddc
_cBK
998 _cbat
_e2011-05-20
999 _c8611
_d8611